Factores de la enseñanza que favorecen el aprendizaje autonomo
Saved in:
| Main Author: | |
|---|---|
| Format: | Book |
| Language: | Spanish |
| Published: |
Madrid
Narcea
1991
|
| Series: | Educación Hoy. Estudios
|
| Subjects: | |
| Tags: |
Add Tag
No Tags, Be the first to tag this record!
|
MARC
| LEADER | 00000nam a2200000 a 4500 | ||
|---|---|---|---|
| 001 | UCX7520 | ||
| 003 | CL-VaPUC | ||
| 008 | 931213e19910000SP |||||||||||||||||spa|d | ||
| 082 | 0 | 4 | |a 370.71 |b AEB |2 21 |
| 100 | 0 | |a Aebli, Hans |e author |9 324390 | |
| 245 | 1 | 0 | |a Factores de la enseñanza que favorecen el aprendizaje autonomo |
| 300 | |a 365 p | ||
| 942 | |c BK | ||
| 945 | |d 19931213 00:00:00 |a rbrito | ||
| 260 | |a Madrid |b Narcea |c 1991 | ||
| 650 | 0 | |a Formación profesional de profesores |9 307493 | |
| 650 | 0 | |a Autoeducación |9 306343 | |
| 583 | |a last modification |c 19931213 00:00:00 |k Rodrigo Vera | ||
| 490 | 0 | |a Educación Hoy. Estudios | |
| 999 | |c 227322 |d 227320 | ||
| 952 | |0 0 |1 0 |4 0 |6 370_710000000000000_AEB_1991 |7 0 |8 A |9 226261 |a BIBEDU |b BIBEDU |c ES_NOD |d 2019-11-15 |i 2953811 |o 370.71 AEB 1991 |p 2953811 |r 2023-08-09 |w 2019-11-15 |y BK |k EPE | ||